000 01108cam a22003257a 4500
003 CHAP
005 20220817043438.0
008 980518s1991 mx a r 00010 spa d
010 _a75538
011 _a76510
035 _a86095
040 _cCHAP
090 _aFolleto 15057
100 0 0 _aPostel, Sandra.
_991058
245 1 0 _aAdministración del agua en época de escasez
_c/por Sandra Postel
260 _aJiutepec, Mor. :
_bInstituto Mexicano de Tecnología del Agua,
_c1991
300 _a71 p. :
_bcuadros, gráfs.
490 0 _aColección universo del agua. Serie agua y ecología
590 _aBATCH-UPD
_b10
_c20130110
_lUCH01
_h0717
590 _aBATCH-UPD
_b10
_c20130410
_lUCH01
_h0402
590 _aBATCH-UPD
_b10
_c20130914
_lUCH01
_h0306
590 _aCONVERSION
_b10
_c20130109
_lUCH01
_h1341
650 1 4 _aAgua
_xAbastecimiento.
_92223
650 1 4 _aAgua
_xConservacion.
_92319
830 0 0 _aColección universo del agua. Serie agua y ecología
901 _aBK
905 _aLilia Sánchez G.
942 _cFOLL
949 _aFolleto 15057
_bBC
_cFOLL
_d860951
_eTS1
_gI. c/e
_i86095
_sb
_t$20.00
999 _c75538
_d75538